El empleo, el contrabando, la finanzas publicas y la integración fronteriza : (Registro nro. 12840)

Detalles MARC
000 -LEADER
fixed length control field 01028nam a2200229Ia 4500
003 - CONTROL NUMBER IDENTIFIER
control field OSt
005 - DATE AND TIME OF LATEST TRANSACTION
control field 20211206120929.0
008 - FIXED-LENGTH DATA ELEMENTS--GENERAL INFORMATION
fixed length control field 210310s1982 ck ad gr 000 0 spa d
040 ## - CATALOGING SOURCE
Original cataloging agency CO-JMCR
Transcribing agency CO-JMCR
041 0# - LANGUAGE CODE
Language code of text/sound track or separate title spa
082 04 - DEWEY DECIMAL CLASSIFICATION NUMBER
Classification number 381.09861 /
Item number C749e
Edition number 23
111 2# - MAIN ENTRY--MEETING NAME
Meeting name or jurisdiction name as entry element Congreso Nacional de Comerciantes
Location of meeting Cúcuta, Colombia)
Number of part/section/meeting (36 °:
Date of meeting or treaty signing 1981:
9 (RLIN) 41730
245 13 - TITLE STATEMENT
Title El empleo, el contrabando, la finanzas publicas y la integración fronteriza :
Remainder of title Cuatro grandes temas de interés nacional /
Statement of responsibility, etc. Congreso Nacional de Comerciantes
260 ## - PUBLICATION, DISTRIBUTION, ETC.
Place of publication, distribution, etc. Cúcuta, Colombia :
Name of publisher, distributor, etc. Cámara de Comercio de Bogotá,
Date of publication, distribution, etc. 1981.
300 ## - PHYSICAL DESCRIPTION
Extent 212 páginas :
Other physical details ilustraciones y gráficas en blanco y negro ;
Dimensions 24 cm.
501 ## - WITH NOTE
With note Con: notas a pie de página.
505 0# - FORMATTED CONTENTS NOTE
Formatted contents note Planteamientos generales. -- El empleo, el contrabando, las finanzas publicas y la integración fronteriza.
650 14 - SUBJECT ADDED ENTRY--TOPICAL TERM
Topical term or geographic name entry element Fianzas públicas
9 (RLIN) 41731
650 24 - SUBJECT ADDED ENTRY--TOPICAL TERM
Topical term or geographic name entry element Integración fronteriza
9 (RLIN) 41732
650 24 - SUBJECT ADDED ENTRY--TOPICAL TERM
Topical term or geographic name entry element Código laboral
General subdivision Finanzas públicas
9 (RLIN) 41733
942 ## - ADDED ENTRY ELEMENTS (KOHA)
Source of classification or shelving scheme Dewey Decimal Classification
Koha item type Books
Existencias
Withdrawn status Lost status Source of classification or shelving scheme Damaged status Not for loan Home library Current library Shelving location Date acquired Source of acquisition Total Checkouts Full call number Barcode Date last seen Date last checked out Copy number Price effective from Koha item type
    Dewey Decimal Classification     Biblioteca Pública José María del Castillo y Rada Biblioteca Pública José María del Castillo y Rada General Stacks 04/15/2018 Donación 1 381.09861 / C749e 430004648 05/16/2024 03/18/2022 Ej.1 03/10/2021 Books